000 00800 a2200217 4500
003 OSt
005 20230410084015.0
008 220729s2016 sp |||||r|||| 00| 0 spa d
020 _a9788417026004
040 _cCHAP
082 0 0 _a631.34
_bG64
_222
100 1 _9186575
_aGonzález Durán, Enrique David
245 1 0 _aProgramación del funcionamiento, mantenimiento y adquisición de equipos e instalaciones /
_cpor Enrique David González Durán
264 1 _aArtequera, Malaga :
_bIC Editores,
_c2016.
300 _aiii, 275 páginas.
_bcuadros, ilustraciones.
504 _aIncluye bibliografía.
650 2 _9186576
_aJardinería
_xEquipo y aparatos
650 2 _9186577
_aMáquinas herramientas
_xMantenimiento y reparación
650 2 _9186578
_aJardines
_xMantenimiento
942 _2ddc
_cLIBRO
999 _c217406
_d217406